| 000 | 00496nam a2200169 i 4500 | ||
|---|---|---|---|
| 001 | 32942 | ||
| 003 | ES-MaACL | ||
| 005 | 20230906154652.0 | ||
| 007 | t| | ||
| 008 | 030131s1965 sp ||||1| spa d | ||
| 100 | 1 |
_aBernard, A. _928227 |
|
| 245 | 1 | 0 |
_aIniciación a la filosofía tomista / _cA. Bernard ; traducción de Lorenzo de Guzmán. |
| 260 |
_aMadrid : _bStudium, _c1965. |
||
| 300 |
_a200 p. : _b19 cm. |
||
| 700 | 1 |
_aGuzmán, Lorenzo de. _961294 |
|
| 852 |
_aES-MaACL _jC-28316 _bR.57558 |
||
| 999 |
_c32942 _d32942 |
||